000 02504nam0a22003251 4500
001 rc\2838571
005 20250529202555.0
035 _a(NLR Aleph) 006996214
090 _a5675880
_c5675880
100 _a20110628d1928 |||y0rusy50 ca
101 0 _arus
102 _aRU
105 _aa z |||||
200 1 _aОтдельный оттиск из журнала "Масобойно-жировое дело" № 1 (30) 1928 г.
210 _a[Москва]
_cНТУ ВСНХ СССР
_d[1928]
_g6-я тип. Транспечати
215 _a16 с.
_cил.
_d25х17 см
300 _aБез тит. л. и обл.
327 1 _aСодерж.: Шулов И. Опыты со льном-долгунцом.- Рихтер А. К вопросу о заразихе на подсолнечнике.- Синягин И. Всесоюзное совещание по физиологии и селекции подсолнечника.- Мещерский А. Об агромероприятиях с масличными в Сибири.- Варенцев В. О сорности аниса и кориандра
464 0 _12001#$aОпыты со льном-долгунцом
_1700#1$aШулов$bИ.$gИв.$4070
_tОпыты со льном-долгунцом
_aШулов, Ив.
464 0 _12001#$aК вопросу о заразихе на подсолнечнике
_1700#1$aРихтер$bА.$4070
_tК вопросу о заразихе на подсолнечнике
_aРихтер, А.
464 0 _12001#$aВсесоюзное совещание по физиологии и селекции подсолнечника
_1700#1$aСинягин$bИ.$4070
_tВсесоюзное совещание по физиологии и селекции подсолнечника
_aСинягин, И.
464 0 _12001#$aОб агромероприятиях с масличными в Сибири
_1700#1$aМещерский$bА.$4070
_tОб агромероприятиях с масличными в Сибири
_aМещерский, А.
464 0 _12001#$aО сорности аниса и кориандра
_1700#1$aВаренцев$bВ.$4070
_tО сорности аниса и кориандра
_aВаренцев, В.
710 0 2 _a"Маслобойно-жировое дело", журнал
_bОттиски
_cМосква
_9444771
_3RU\NLR\AUTH\880389495
801 0 _aRU
_bNLR
_gpsbo
801 1 _aRU
_bELAR
_2rusmarc
852 _aNLR
_j59/775
942 _cBOOK
980 _aNB